Score 0/20 Timer 04:00
1 Play Today
% Correct
Friends
96.9%
The Fresh Prince of Bel-Air
96.8%
The Tonight Show
with Jay Leno
96.6%
Frasier
94.3%
ER
94.1%
The West Wing
93.5%
3rd Rock from the Sun
92%
Mad About You
90%
Blossom
89.3%
Law & Order: SVU
88.7%
% Correct
Dateline NBC
88.2%
Freaks and Geeks
87.9%
Sisters
87.6%
Homicide: Life on the Street
84.4%
Caroline in the City
83%
Will & Grace
81.8%
Just Shoot Me!
81.4%
Wings
80.4%
NewsRadio
77.4%
Suddenly Susan
71.8%
Remove Ads.
Support Sporcle.
Get the best of Sporcle when you Go Orange. This ad-free experience offers more features, more stats, and more fun while also helping to support Sporcle. Thank you for becoming a member.

You're not logged in!

Compare scores with friends on all Sporcle quizzes.
OR
Log In

Sporcle TV

Today on Sporcle TV


Watch our educational content, quiz creation guides, and fun videos on Sporcle TV.

Show Comments

Extras

Top Quizzes Today


Score Distribution

Paid Content

Your Account Isn't Verified!

In order to create a playlist on Sporcle, you need to verify the email address you used during registration. Go to your Sporcle Settings to finish the process.

Report this User

Report this user for behavior that violates our Community Guidelines.

Details: